Recent Literature on Costa Rica's Economic Crisis
El autor comenta varias publicaciones que tratan la crisis económica costarricense. Fundamentado en este trabajo, presenta los criterios de dversos autores y expone, a su vez, sus puntos de vista. El período principal en comentario es el de la administración Carazo Odio, 1978-1982, pues también incl...
Αποθηκεύτηκε σε:
| Κύριος συγγραφέας: | |
|---|---|
| Μορφή: | Κείμενο |
| Έκδοση: |
s.le. :
|
| Θέματα: | |
| Ετικέτες: |
Προσθήκη ετικέτας
Δεν υπάρχουν, Καταχωρήστε ετικέτα πρώτοι!
|
MARC
| LEADER | 00000 a a2200000 04500 | ||
|---|---|---|---|
| 001 | 13616 | ||
| 003 | |||
| 040 | |||
| 090 | |a 017600 | ||
| 100 | |a Edelman, Marc | ||
| 245 | |a Recent Literature on Costa Rica's Economic Crisis | ||
| 260 | |a s.le. : | ||
| 300 | |a pp. 166-18 | ||
| 500 | |a Separata de: "Latin American Research Review", vol. 18, n. 1983 | ||
| 520 | |a El autor comenta varias publicaciones que tratan la crisis económica costarricense. Fundamentado en este trabajo, presenta los criterios de dversos autores y expone, a su vez, sus puntos de vista. El período principal en comentario es el de la administración Carazo Odio, 1978-1982, pues también incluye la administración Oduber Quirós e, incluso, las décadas de los treinta y los cuarenta. El papel del Partido Liberación Nacional y el desarrollo creciente de las últimas décadas se plantea en contraposición a la recesión económica del período 1978-1982. ABB/mb | ||
| 650 | |a CICLOS ECONOMICOS | ||
| 650 | |a RECESION ECONOMICA | ||
| 650 | |a LIBROS | ||
| 650 | |a HISTORIA | ||
| 650 | |a GOBIERNO | ||
| 999 | |c 11328 |d 11328 | ||
